00452nam a2200193Ia 4500003000900000008004100009040001300050040001300063041000800076100002000084245007300104250001100177260001000188260000900198300001100207300001000218490002200228490000800250IT-RoPAU120407s9999 xx 000 0 und d aIT-RoPAU cIT-RoPAU aita aCharles Moeller aL’uomo moderno di fronte alla salvezza. Trad. di Ottavia Roissard. aTorino aBorla c1967 a226 p. c21 cm aLe idee e la vita v133